Reformu verejnej správy nechceme šiť horúcou ihlou

Rozhovor s predsedom Výboru Národnej rady SR pre verejnú správu Dušanom Kovačičom o najdôležitejších otázkach a problémoch výboru. Priorita výboru: reforma verejnej správy. Zákony týkajúce sa verejnej správy, prerokované v roku 1999. Spolupráca výboru pre verejnú správu s ďalšími podobnými organizác...

Descrizione completa

Salvato in:
Dettagli Bibliografici
Autore principale: Kovačič, Dušan
Altri autori: Mešťánek, Ľubomír
Natura: Capitolo di libro
Lingua:slovacco
Soggetti:
Tags: Aggiungi Tag
Nessun Tag, puoi essere il primo ad aggiungerne!!

MARC

LEADER 00000naa a2200000 4500
001 r037372
005 20230606075118.9
041 0 |a slo 
044 |a SK 
245 1 0 |a Reformu verejnej správy nechceme šiť horúcou ihlou  |c Dušan Kovačič, Ľubomír Mešťánek 
520 |a Rozhovor s predsedom Výboru Národnej rady SR pre verejnú správu Dušanom Kovačičom o najdôležitejších otázkach a problémoch výboru. Priorita výboru: reforma verejnej správy. Zákony týkajúce sa verejnej správy, prerokované v roku 1999. Spolupráca výboru pre verejnú správu s ďalšími podobnými organizáciami. 
610 2 0 |a správa verejná 
610 2 0 |a reformy 
610 2 0 |a zákony 
610 2 0 |a Slovensko 
610 2 0 |a NR SR Bratislava 
610 2 0 |a 1999 
100 1 |a Kovačič, Dušan 
700 1 |a Mešťánek, Ľubomír